Los precedentes vinculantes del Tribunal Constitucional (2007-2008)

Detalles Bibliográficos
Autor principal: Morillas Fernandez, David L.
Formato: eBook
Lenguaje:español
Publicado: Lima: Palestra Editores, 2008
Materias:
Acceso en línea:Acceso restringido

MARC

LEADER 00000nam a22000007a 4500
005 20190827003220.0
007 cr|||| ||||
008 190827s2008 pe |||||s|||| 00||0 spa d
020 |a 978-9972-224-87-4 
035 |a 24191 
040 |a vLex 
090 |c 9277  |d 9277 
100 1 |a Morillas Fernandez, David L. 
245 1 3 |a Los precedentes vinculantes del Tribunal Constitucional (2007-2008)  |h [Recurso electrn̤ico] /  |c David L. Morillas Fernandez 
256 |a Servicio en ln̕ea 
260 |a Lima:  |b Palestra Editores,  |c 2008 
300 |a 1 recurso electrn̤ico 
506 1 |a Disponible solo en los productos indicados  |d vLex Global  |d vLex Global (Academic Edition, excluding Law Schools)  |d vLex Global (U.S. Academic Edition, Law Schools)  |d vLex Global (U.S. Academic Edition, excluding Law Schools)  |d vLex Global (Academic Edition, Law Schools) 
650 0 4 |a Derecho Penal  |z Per︢ 
740 0 |a vLex Libros (Servicio en ln̕ea) 
856 4 0 |u http://vlex.com/source/precedentes-vinculantes-tribunal-constitucional-2007-2008-24191  |z Acceso restringido 
942 |c BOOK 
999 0 |a Criminal law